000 01124nam0a22002531 4500
001 rc\3057878
005 20250806202516.0
035 _a(NLR Aleph) 007196869
090 _a50500
_c50500
100 _a20111013d1941 u y0rusy50 ca
101 0 _arus
102 _aRU
105 _ay z |||||
200 1 _aПрейскурант промышленных и розничных цен веттоваров
_eСост. на основании прейскуранта и инструкции, утвержденных Наркомземом СССР от 21 марта 1941 г. № 26104
_fСвердлов. обл. контора "Облветснабсбыт"
210 _aСвердловск
_cБ. и.
_d1941
_gгаз.-журн. тип. изд-ва "Уральский рабочий"
215 _a114 с.
_d20 см
710 0 2 _a"Облветснабсбыт", контора
_cСвердловск
801 0 _aRU
_bNLR
_gpsbo
801 1 _aRU
_bELAR
_2rusmarc
852 _aNLR
_jЭк54 Г-3/38
942 _cBOOK
945 _aРоссийская национальная библиотека
980 _aNB
980 _aBV